[Event "European Blitz-ch 2018"]
[Site "Skopje"]
[Date "2018.12.07"]
[Round "13"]
[White "Nestorovic, Nikola"]
[Black "Djukic, Nikola"]
[Result "1-0"]
[WhiteElo "2460"]
[BlackElo "2574"]
[PlyCount "97"]
[EventDate "2018.12.06"]
[EventType "swiss"]
[EventCountry "MKD"]

1. e4 g6 2. d4 Bg7 3. Nc3 d6 4. Bg5 a6 5. a4 Nd7 6. Qd2 c5 7. d5 Ngf6 8. Nf3 h6 9. Be3 Qa5 10. Ra3 Ng4 11. Bf4 Nge5 12. Nxe5 Nxe5 13. Be2 Bd7 14. O-O Rb8 15. h3 Qc7 16. a5 g5 17. Be3 Ng6 18. Ra2 O-O 19. b3 f5 20. exf5 Bxf5 21. Na4 Nh4 22. Nb6 Be4 23. f3 Bh7 24. Bd3 Nf5 25. Bf2 Rf7 26. c3 Rbf8 27. Qe1 Be5 28. Re2 Kh8 29. Be4 Ng7 30. Bxh7 Kxh7 31. Re4 Nh5 32. Nc4 Bf6 33. Be3 Qd7 34. g4 Ng7 35. Kg2 Qb5 36. Qd1 Bxc3 37. Qc2 Bf6 38. Rxe7+ Kh8 39. Rxf7 Rxf7 40. Nxd6 Qd7 41. Nxf7+ Qxf7 42. Qe4 Ne8 43. Bxc5 Qd7 44. Re1 Ng7 45. d6 Kg8 46. Qd5+ Kh7 47. Bd4 Bxd4 48. Qxd4 Kg8 49. Re7 1-0

[Event "European Blitz-ch 2018"]
[Site "Skopje"]
[Date "2018.12.07"]
[Round "13"]
[White "Belyakov, Bogdan"]
[Black "Saric, Ante"]
[Result "1-0"]
[WhiteElo "2459"]
[BlackElo "2533"]
[Annotator "TA"]
[PlyCount "127"]
[EventDate "2018.12.06"]
[EventType "swiss"]
[EventCountry "MKD"]

1. e4 c5 2. c3 Nf6 3. e5 Nd5 4. d4 cxd4 5. cxd4 d6 6. Bc4 e6 7. Qe2 Be7 8. Nf3 O-O 9. O-O b6 10. Rd1 Bb7 11. Nc3 Nxc3 12. bxc3 dxe5 13. Nxe5 Nd7 14. Nxf7 Rxf7 15. Qxe6 Qe8 16. Re1 Rc8 17. Bb3 Kf8 18. Qh3 Nf6 19. Ba3 Bxa3 20. Rxe8+ Rxe8 21. Bxf7 Kxf7 22. c4 Bb2 23. Rd1 Bxd4 24. Qa3 a5 25. h3 Bc5 26. Qa4 Re2 27. Rf1 Rd2 28. Qb3 Bc6 29. Qg3 Rxa2 30. Qc7+ Bd7 31. Rd1 Rxf2 32. Rxd7+ Nxd7 33. Qxd7+ Kg6 34. Kh2 h6 35. h4 Rf6 36. Qd3+ Kf7 37. Qd7+ Kg8 38. Qe8+ Kh7 39. Qe4+ g6 40. h5 Kg7 41. g4 gxh5 42. gxh5 a4 43. Qg4+ Kh8 44. Qc8+ Kg7 45. Qd7+ Rf7 46. Qxa4 Re7 47. Qc6 Re2+ 48. Kg3 Re3+ 49. Kf4 Re1 50. Qg6+ Kh8 51. Qxh6+ Kg8 52. Qg6+ Kh8 53. h6 Rf1+ 54. Ke4 Rg1 55. Qf7 Rg3 56. Kd5 Rg5+ 57. Kc6 Rg8 58. Kb5 Rg1 59. Qd7 Rg8 60. Qf5 Rg1 61. Kc6 Rg8 62. Kd7 Rg2 63. Qe5+ Kg8 64. Qd5+ 1-0

[Event "European Blitz-ch 2018"]
[Site "Skopje"]
[Date "2018.12.07"]
[Round "13"]
[White "Jirovsky, Milos"]
[Black "Santos Ruiz, Miguel"]
[Result "0-1"]
[WhiteElo "2448"]
[BlackElo "2523"]
[Annotator "TA"]
[PlyCount "102"]
[EventDate "2018.12.06"]
[EventType "swiss"]
[EventCountry "MKD"]

1. Nf3 d5 2. c4 e6 3. g3 dxc4 4. Qa4+ Nd7 5. Bg2 a6 6. Qxc4 b5 7. Qc2 Bb7 8. O-O Ngf6 9. a4 c5 10. d3 Be7 11. axb5 axb5 12. Rxa8 Bxa8 13. Na3 Qb6 14. Qb3 Bc6 15. Bg5 O-O 16. Rc1 h6 17. Bxf6 Nxf6 18. Ne5 Bxg2 19. Kxg2 Rb8 20. Kg1 Bd6 21. Nf3 Nd5 22. Nd2 Be7 23. Ne4 Qa7 24. Qc2 Nb4 25. Qd2 Nd5 26. Qd1 Qb6 27. Qb3 Qa7 28. Qd1 Qb6 29. Ra1 Qb7 30. Nb1 Nb4 31. Nbc3 c4 32. dxc4 bxc4 33. Qa4 Rc8 34. Qa7 Qxa7 35. Rxa7 Bf8 36. Nd2 g6 37. Ra4 Rc7 38. Kg2 Rc8 39. Kf3 Rc7 40. Ra8 Kg7 41. Rb8 Be7 42. Rb5 Na6 43. Nde4 f5 44. Nd2 Bf6 45. Rb6 Nc5 46. Nxc4 Ne4 47. Ne3 Bxc3 48. bxc3 Rxc3 49. Rxe6 Ng5+ 50. Kf4 Nxe6+ 51. Ke5 Kf7 0-1

[Event "European Blitz-ch 2018"]
[Site "Skopje"]
[Date "2018.12.07"]
[Round "13"]
[White "Tejedor Fuente, Enrique"]
[Black "Cheparinov, Ivan"]
[Result "0-1"]
[WhiteElo "2428"]
[BlackElo "2709"]
[Annotator "TA"]
[PlyCount "160"]
[EventDate "2018.12.06"]
[EventType "swiss"]
[EventCountry "MKD"]

1. e4 c6 2. Nc3 d5 3. d4 dxe4 4. Nxe4 Nf6 5. Nxf6+ exf6 6. c3 Bd6 7. Bd3 O-O 8. Ne2 Re8 9. O-O Nd7 10. Qc2 Nf8 11. Ng3 Ng6 12. Be3 Qc7 13. Rfe1 Bd7 14. Re2 Bg4 15. Ree1 Rad8 16. Bf5 Bxf5 17. Qxf5 Re6 18. Bd2 Rde8 19. Rxe6 Rxe6 20. Re1 Rxe1+ 21. Bxe1 Ne7 22. Qe4 Qd7 23. c4 f5 24. Qd3 g6 25. Bc3 Qe6 26. Kf1 b6 27. b3 h5 28. h3 h4 29. Ne2 f6 30. Qf3 Qe4 31. Qxe4 fxe4 32. d5 Kf7 33. dxc6 Nxc6 34. Ke1 Bc5 35. Nf4 a5 36. Nd5 f5 37. Ke2 g5 38. f3 exf3+ 39. Kxf3 Ke6 40. Nc7+ Kd7 41. Nd5 Ke6 42. Ne3 Nd4+ 43. Bxd4 Bxd4 44. Nd5 Ke5 45. a3 b5 46. Ne7 bxc4 47. bxc4 Bc5 48. Nc6+ Kd6 49. Nxa5 Bxa3 50. Nb3 Ke5 51. c5 Kd5 52. c6 Bd6 53. Na5 Bc7 54. Nb3 Bb6 55. Nd2 Kxc6 56. Nc4 Bd4 57. Na5+ Kd5 58. Nb3 Bc3 59. Nc1 Kc4 60. Ne2 Be5 61. Nc1 Kc3 62. Ke2 Kd4 63. Nd3 Bg3 64. Nb4 Bd6 65. Nc2+ Ke4 66. Ne3 Kf4 67. Nf1 Bb4 68. Ne3 Bc5 69. Nf1 Bb6 70. Ke1 Ba5+ 71. Kf2 Bb6+ 72. Ke2 Ba7 73. Ke1 Bg1 74. Ke2 Bc5 75. Ke1 Bb6 76. Ke2 g4 77. hxg4 fxg4 78. Ke1 g3 79. Ke2 h3 80. gxh3 g2 0-1

[Event "European Blitz-ch 2018"]
[Site "Skopje"]
[Date "2018.12.07"]
[Round "13"]
[White "Polivanov, Anatoliy"]
[Black "Demchenko, Anton"]
[Result "1/2-1/2"]
[WhiteElo "2374"]
[BlackElo "2679"]
[Annotator "TA"]
[PlyCount "104"]
[EventDate "2018.12.06"]
[EventType "swiss"]
[EventCountry "MKD"]

1. e4 c5 2. Nf3 Nc6 3. d4 cxd4 4. Nxd4 Nf6 5. Nc3 d6 6. g3 e6 7. Bg2 Bd7 8. O-O a6 9. Nb3 b5 10. a4 b4 11. Ne2 Be7 12. a5 O-O 13. c3 Rb8 14. cxb4 Nxb4 15. Be3 Bc6 16. Bb6 Qc8 17. Rc1 Qb7 18. Ned4 Nd7 19. Nxc6 Nxc6 20. Nd4 Rfc8 21. Nxc6 Rxc6 22. Rxc6 Qxc6 23. Bd4 Qb5 24. Bc3 Nc5 25. Qg4 e5 26. Rd1 Na4 27. Bf1 Qb7 28. Qe2 Nxc3 29. bxc3 Ra8 30. Qa2 Rc8 31. Bc4 Bf8 32. Bd5 Qa7 33. Rb1 Rc7 34. Rb6 g6 35. Qb3 Kg7 36. Rb7 Rxb7 37. Qxb7 Qxb7 38. Bxb7 Be7 39. Bxa6 Bd8 40. c4 Bxa5 41. Bb7 Bb6 42. Kg2 f5 43. Bd5 Kf6 44. h3 Bc5 45. Bc6 Bb4 46. exf5 gxf5 47. g4 e4 48. gxf5 Kxf5 49. Bd5 Kf4 50. Bc6 Bc5 51. Bd5 h6 52. Bc6 Bd4 1/2-1/2

[Event "European Blitz-ch 2018"]
[Site "Skopje"]
[Date "2018.12.07"]
[Round "13"]
[White "Djuric, Stefan"]
[Black "Potapov, Pavel"]
[Result "0-1"]
[WhiteElo "2371"]
[BlackElo "2516"]
[Annotator "TA"]
[PlyCount "68"]
[EventDate "2018.12.06"]
[EventType "swiss"]
[EventCountry "MKD"]

1. c4 f5 2. Nc3 Nf6 3. g3 g6 4. Bg2 Bg7 5. d4 O-O 6. Bg5 d6 7. Bxf6 Bxf6 8. h4 Nc6 9. e3 e5 10. dxe5 dxe5 11. Qxd8 Bxd8 12. h5 e4 13. hxg6 hxg6 14. Nd5 Ne5 15. b3 c6 16. Nf4 Bf6 17. Rd1 a5 18. f3 a4 19. fxe4 axb3 20. axb3 Ra3 21. exf5 Bxf5 22. e4 Bg4 23. Rb1 g5 24. Nh5 Nd3+ 25. Kd2 Ra2+ 26. Kxd3 Rd8+ 27. Ke3 Bd4+ 28. Kd3 Bxg1+ 29. Kc3 Bd4+ 30. Kb4 c5+ 31. Kb5 Rxg2 32. Rbf1 Rd6 33. Rf5 Bxf5 34. exf5 Rb2 0-1

[Event "European Blitz-ch 2018"]
[Site "Skopje"]
[Date "2018.12.07"]
[Round "13"]
[White "Papakonstantinou, Dimitrios"]
[Black "Damljanovic, Branko"]
[Result "0-1"]
[WhiteElo "2308"]
[BlackElo "2495"]
[Annotator "TA"]
[PlyCount "104"]
[EventDate "2018.12.06"]
[EventType "swiss"]
[EventCountry "MKD"]

1. e4 c5 2. Nf3 e6 3. d4 cxd4 4. Nxd4 a6 5. Bd3 Nf6 6. O-O Qc7 7. Qe2 Bd6 8. h3 Nc6 9. Nxc6 dxc6 10. a4 a5 11. Nd2 e5 12. Nc4 Bc5 13. Bg5 Be6 14. Rad1 Nd7 15. Ne3 f6 16. Bh4 Bxe3 17. Qxe3 Qb6 18. Qe2 Nc5 19. Bc4 Bxc4 20. Qxc4 Qb4 21. Qxb4 axb4 22. b3 Nxe4 23. f4 Nc3 24. Rde1 e4 25. Bf2 f5 26. g4 O-O 27. Bc5 Rf7 28. Bxb4 Nd5 29. Bd6 Re8 30. Be5 g5 31. gxf5 gxf4 32. Rxe4 Rxf5 33. Rfe1 Ne3 34. Bxf4 Rxe4 35. Bxe3 Rf3 36. Bf2 Rxe1+ 37. Bxe1 Rxh3 38. Kg2 Re3 39. Kf2 Re6 40. Bc3 Kf7 41. Kf3 Kg6 42. Bd4 Kf5 43. b4 Re4 44. c3 h5 45. a5 h4 46. Bc5 Rf4+ 47. Kg2 Kg4 48. Bd4 h3+ 49. Kh2 Re4 50. Bb6 Re2+ 51. Kg1 h2+ 52. Kh1 Kh3 0-1

[Event "European Blitz-ch 2018"]
[Site "Skopje"]
[Date "2018.12.07"]
[Round "13"]
[White "Eric, Jovana"]
[Black "Galopoulos, Nikolaos"]
[Result "0-1"]
[WhiteElo "2257"]
[BlackElo "2356"]
[PlyCount "46"]
[EventDate "2018.12.06"]
[EventType "swiss"]
[EventCountry "MKD"]

1. e4 c5 2. Nc3 d6 3. f4 Nc6 4. Nf3 g6 5. Bb5 Bd7 6. Bc4 Bg7 7. O-O e6 8. f5 Qe7 9. d3 a6 10. fxe6 fxe6 11. Bg5 Bf6 12. Qd2 Bxg5 13. Nxg5 Nf6 14. a4 O-O 15. Rae1 Ng4 16. h3 Nge5 17. Ba2 Nd4 18. Ne2 Rxf1+ 19. Kxf1 Rf8+ 20. Kg1 h6 21. Nxd4 cxd4 22. Nf3 Rxf3 23. Qxh6 Rf8 0-1

[Event "European Blitz-ch 2018"]
[Site "Skopje"]
[Date "2018.12.07"]
[Round "14"]
[White "Cheparinov, Ivan"]
[Black "Tejedor Fuente, Enrique"]
[Result "1-0"]
[WhiteElo "2709"]
[BlackElo "2428"]
[Annotator "TA"]
[PlyCount "79"]
[EventDate "2018.12.06"]
[EventType "swiss"]
[EventCountry "MKD"]

1. d4 d5 2. Nf3 c6 3. c4 Nf6 4. g3 Bf5 5. Nc3 e6 6. Nh4 Bg6 7. Nxg6 hxg6 8. Qd3 Na6 9. a3 Qa5 10. Bg2 dxc4 11. Qxc4 Rc8 12. O-O Be7 13. e4 O-O 14. Qe2 Rfd8 15. Be3 Rd7 16. Rfd1 Qd8 17. Rac1 c5 18. d5 exd5 19. exd5 Rd6 20. Bf4 Rb6 21. d6 Bf8 22. Na4 Rbc6 23. Bxc6 Rxc6 24. b4 g5 25. b5 gxf4 26. bxc6 Qc8 27. d7 Qd8 28. cxb7 Nb8 29. Nxc5 fxg3 30. hxg3 g6 31. Na6 Nxa6 32. Qxa6 Ne4 33. b8=Q Qxb8 34. d8=Q Qb2 35. Rf1 Kg7 36. Qad3 Nf6 37. Q8d4 Qb8 38. Qf3 Be7 39. Rfe1 Bd8 40. Rc6 1-0

[Event "European Blitz-ch 2018"]
[Site "Skopje"]
[Date "2018.12.07"]
[Round "14"]
[White "Mamedov, Rauf"]
[Black "Van Foreest, Jorden"]
[Result "0-1"]
[WhiteElo "2703"]
[BlackElo "2614"]
[Annotator "TA"]
[PlyCount "110"]
[EventDate "2018.12.06"]
[EventType "swiss"]
[EventCountry "MKD"]

1. e4 c6 2. Ne2 d5 3. e5 Bf5 4. Ng3 Bg6 5. h4 h6 6. h5 Bh7 7. e6 Qd6 8. exf7+ Kxf7 9. d4 e5 10. dxe5 Qxe5+ 11. Be2 Bc5 12. Nd2 Nf6 13. Nf3 Qc7 14. Nd4 Nbd7 15. O-O Rhe8 16. c3 Kg8 17. a4 a5 18. Re1 Ne5 19. Be3 Ba7 20. Qd2 Qf7 21. Ndf5 Bxe3 22. Nxe3 Rf8 23. Rf1 Rae8 24. Qd4 Ne4 25. Nxe4 Bxe4 26. f3 Bh7 27. Rae1 Qf6 28. f4 Nd7 29. Ng4 Qxd4+ 30. cxd4 Re4 31. g3 Rxd4 32. Bf3 Bf5 33. Re7 Rf7 34. Re8+ Rf8 35. Re7 Rd3 36. Ne3 Bh3 37. Re1 d4 38. Bg2 Bxg2 39. Nxg2 Nf6 40. Rxb7 Rxg3 41. Kf2 Nxh5 42. Rd7 c5 43. Re5 Rg5 44. Re4 Rxg2+ 45. Kxg2 Nf6 46. Ree7 Nxd7 47. Rxd7 Rb8 48. Ra7 Rxb2+ 49. Kf3 c4 50. Rxa5 d3 51. Rc5 Rc2 52. a5 d2 53. Ke2 c3 54. a6 Rc1 55. Rd5 Re1+ 0-1

[Event "European Blitz-ch 2018"]
[Site "Skopje"]
[Date "2018.12.07"]
[Round "14"]
[White "Ragger, Markus"]
[Black "Kalezic, Blazo"]
[Result "0-1"]
[WhiteElo "2687"]
[BlackElo "2460"]
[Annotator "TA"]
[PlyCount "84"]
[EventDate "2018.12.06"]
[EventType "swiss"]
[EventCountry "MKD"]

1. e4 e6 2. d4 d5 3. Nd2 a6 4. Ngf3 Nf6 5. e5 Nfd7 6. Bd3 c5 7. c3 Nc6 8. O-O g5 9. b3 g4 10. Ne1 h5 11. Bb2 b5 12. Nc2 Qb6 13. Qe2 c4 14. bxc4 bxc4 15. Bxc4 Qxb2 16. Bxd5 exd5 17. e6 Nf6 18. exf7+ Kxf7 19. Rac1 Bh6 20. f3 g3 21. f4 Bf5 22. Nf3 gxh2+ 23. Kh1 Ne4 24. Kxh2 Bxf4+ 25. Kg1 Bxc1 26. Ne5+ Nxe5 27. Rxf5+ Kg6 28. Rxe5 Rae8 29. Qxa6+ Nf6 30. Qd3+ Kf7 31. Qf5 Qxc3 32. Rxd5 Qc8 33. Qf2 Re4 34. Rf5 Rh6 35. a4 h4 36. Rf3 Qe8 37. d5 Re2 38. Qa7+ Qe7 39. Qd4 Rxc2 40. d6 Qd7 41. Qd5+ Kf8 42. Qg5 Bxg5 0-1

[Event "European Blitz-ch 2018"]
[Site "Skopje"]
[Date "2018.12.07"]
[Round "14"]
[White "Demchenko, Anton"]
[Black "Polivanov, Anatoliy"]
[Result "1-0"]
[WhiteElo "2679"]
[BlackElo "2374"]
[Annotator "TA"]
[PlyCount "93"]
[EventDate "2018.12.06"]
[EventType "swiss"]
[EventCountry "MKD"]

1. e4 e6 2. d4 d5 3. Nd2 c5 4. exd5 Qxd5 5. dxc5 Nf6 6. Ngf3 Nbd7 7. a4 Qxc5 8. Bd3 a6 9. O-O Qc7 10. a5 Nc5 11. Bc4 Bd7 12. Qe2 Bd6 13. Re1 O-O 14. Ne5 Bb5 15. Ndf3 Bxc4 16. Nxc4 Bf4 17. Nce5 Bxc1 18. Rexc1 Ncd7 19. Nc4 Rac8 20. b3 Nd5 21. g3 Nc5 22. Re1 f5 23. Qe5 Qxe5 24. Rxe5 Rc6 25. Nd4 Rc7 26. Nxe6 Nxe6 27. Rxd5 f4 28. Re1 fxg3 29. Rxe6 gxh2+ 30. Kxh2 Rxf2+ 31. Kg3 Rxc2 32. Re8+ Kf7 33. Re3 h6 34. Red3 Kg6 35. Rd2 Rc3+ 36. R5d3 Rc1 37. Kg2 Kh7 38. Rd7 Rc6 39. Rxb7 Rg6+ 40. Kf2 Rf6+ 41. Ke2 Rcf1 42. Kd3 h5 43. Rh2 Kh6 44. Rb6 g5 45. Ne3 R1f3 46. Rxf6+ Rxf6 47. Ng4+ 1-0

[Event "European Blitz-ch 2018"]
[Site "Skopje"]
[Date "2018.12.07"]
[Round "14"]
[White "Fridman, Daniel"]
[Black "Bosiocic, Marin"]
[Result "1/2-1/2"]
[WhiteElo "2633"]
[BlackElo "2599"]
[Annotator "TA"]
[PlyCount "138"]
[EventDate "2018.12.06"]
[EventType "swiss"]
[EventCountry "MKD"]

1. d4 d6 2. Nf3 g6 3. g3 Bg7 4. Bg2 Nd7 5. O-O e5 6. c4 Ne7 7. Nc3 O-O 8. h3 f5 9. e4 f4 10. dxe5 dxe5 11. b3 Nc5 12. Ba3 b6 13. Qxd8 Rxd8 14. Bxc5 bxc5 15. Na4 Nc6 16. Nxc5 fxg3 17. fxg3 Bf8 18. Na4 Bd7 19. Rad1 Be8 20. Kh2 Rxd1 21. Rxd1 Bd6 22. Nc3 a5 23. Nb5 Rd8 24. Ng5 Nd4 25. Nxd4 exd4 26. Ne6 Rd7 27. Rxd4 Re7 28. Nf4 g5 29. Nd3 Ba3 30. Rd8 Kg7 31. e5 Bg6 32. Rd5 Bxd3 33. Rxd3 Rxe5 34. Rd7+ Kg6 35. Bf1 h5 36. Rxc7 h4 37. Bd3+ Kf6 38. Rc6+ Ke7 39. gxh4 gxh4 40. Kg2 Re3 41. Bf5 Bd6 42. Ra6 Re2+ 43. Kf3 Rxa2 44. Kg4 Bg3 45. c5 Rb2 46. Ra7+ Kf6 47. Rb7 Rd2 48. Rb6+ Ke5 49. Rb5 Rd4+ 50. Kg5 Bf4+ 51. Kg6 Bd2 52. c6+ Kd6 53. Bd7 Rb4 54. Rxa5 Rxb3 55. Ra4 Be1 56. Ra7 Bg3 57. Kf7 Rc3 58. Ra8 Kc5 59. Ra4 Kb6 60. Ke8 Re3+ 61. Kd8 Rc3 62. Kc8 Kb5 63. Rg4 Kc5 64. Kd8 Kd6 65. Rg6+ Kd5 66. Rg5+ Ke4 67. Rg7 Ke5 68. c7 Kf6 69. c8=Q Rxc8+ 1/2-1/2

[Event "European Blitz-ch 2018"]
[Site "Skopje"]
[Date "2018.12.07"]
[Round "14"]
[White "Lagarde, Maxime"]
[Black "Stocek, Jiri"]
[Result "1-0"]
[WhiteElo "2616"]
[BlackElo "2576"]
[Annotator "TA"]
[PlyCount "61"]
[EventDate "2018.12.06"]
[EventType "swiss"]
[EventCountry "MKD"]

1. e4 c5 2. Nc3 Nc6 3. Bb5 g6 4. Bxc6 bxc6 5. d3 Bg7 6. f4 e5 7. fxe5 Bxe5 8. Nf3 Bg7 9. e5 d6 10. exd6 Qxd6 11. O-O Nf6 12. Bg5 O-O 13. Qd2 Bg4 14. Kh1 Nd5 15. Ne4 Qc7 16. c4 f6 17. cxd5 fxg5 18. d6 Qb6 19. Nfxg5 Qxb2 20. Qxb2 Bxb2 21. Rae1 h6 22. h3 Rxf1+ 23. Rxf1 Be2 24. Rf2 Bxd3 25. Rxb2 hxg5 26. Nxc5 Bc4 27. Rb7 Rd8 28. d7 Kf7 29. Rxa7 Ke7 30. a4 Rb8 31. Nb7 1-0

[Event "European Blitz-ch 2018"]
[Site "Skopje"]
[Date "2018.12.07"]
[Round "14"]
[White "Erdos, Viktor"]
[Black "Popov, Valerij"]
[Result "1-0"]
[WhiteElo "2605"]
[BlackElo "2532"]
[PlyCount "61"]
[EventDate "2018.12.06"]
[EventType "swiss"]
[EventCountry "MKD"]

1. Nf3 d5 2. d4 Nf6 3. c4 c6 4. e3 a6 5. Nc3 Bf5 6. Be2 h6 7. Qb3 Ra7 8. cxd5 cxd5 9. Ne5 e6 10. O-O Nbd7 11. Nxd7 Qxd7 12. Bd2 Be7 13. Rfc1 O-O 14. Na4 Ne4 15. Bb4 Bxb4 16. Qxb4 b5 17. Nc5 Qd6 18. Nd3 Qb8 19. Ne5 Rc7 20. f3 Nf6 21. Nc6 Qb7 22. Qd6 Re8 23. Na5 Rxc1+ 24. Rxc1 Qa8 25. Rc7 Rc8 26. Nc6 Rxc7 27. Qxc7 Bb1 28. a3 Ne8 29. Qb6 Kf8 30. Kf2 Qc8 31. Qc5+ 1-0

[Event "European Blitz-ch 2018"]
[Site "Skopje"]
[Date "2018.12.07"]
[Round "14"]
[White "Banikas, Hristos"]
[Black "Lobanov, Sergei"]
[Result "1/2-1/2"]
[WhiteElo "2601"]
[BlackElo "2526"]
[PlyCount "122"]
[EventDate "2018.12.06"]
[EventType "swiss"]
[EventCountry "MKD"]

1. d4 d5 2. c4 c6 3. Nf3 Nf6 4. Nbd2 Nbd7 5. e3 e6 6. Bd3 Be7 7. O-O O-O 8. b3 b6 9. e4 dxe4 10. Nxe4 Nxe4 11. Bxe4 Bb7 12. Qe2 Nf6 13. Bc2 c5 14. dxc5 Bxc5 15. Bb2 Qe7 16. Ng5 h6 17. Bxf6 gxf6 18. Ne4 f5 19. Nxc5 Qxc5 20. Qd2 Kg7 21. Qc3+ Kh7 22. Rad1 Rg8 23. g3 Qc6 24. f3 Qc5+ 25. Qd4 Rgd8 26. Qxc5 bxc5 27. Kf2 Kg7 28. Ke3 Kf6 29. Rxd8 Rxd8 30. Rd1 Rxd1 31. Bxd1 Ke7 32. Bc2 Kd6 33. f4 f6 34. a3 a5 35. Bd1 Bc6 36. Kd2 Bd7 37. Kc3 e5 38. b4 axb4+ 39. axb4 Be8 40. Bc2 Bd7 41. Kb3 cxb4 42. Kxb4 Be6 43. Bb3 Bd7 44. c5+ Kc7 45. Bd5 Bc8 46. Kb5 Bd7+ 47. c6 Be8 48. Kc5 Bg6 49. Bc4 Be8 50. Bb5 Bf7 51. Bd3 Be8 52. Bxf5 Bxc6 53. fxe5 fxe5 54. g4 Bf3 55. h4 Be2 56. Kd5 Kd8 57. Ke6 Ke8 58. g5 hxg5 59. hxg5 Kf8 60. Kf6 Bh5 61. Be4 Be8 1/2-1/2

[Event "European Blitz-ch 2018"]
[Site "Skopje"]
[Date "2018.12.07"]
[Round "14"]
[White "Perunovic, Milos"]
[Black "Esipenko, Andrey"]
[Result "1-0"]
[WhiteElo "2597"]
[BlackElo "2593"]
[PlyCount "65"]
[EventDate "2018.12.06"]
[EventType "swiss"]
[EventCountry "MKD"]

1. e4 c6 2. d4 d5 3. e5 Bf5 4. h4 h5 5. c4 e6 6. Nc3 Ne7 7. Nge2 Nd7 8. Ng3 Bg6 9. cxd5 Nxd5 10. Be2 Bb4 11. Bd2 Qb6 12. Nxd5 cxd5 13. Bxb4 Qxb4+ 14. Qd2 Qe7 15. Rc1 O-O 16. Bxh5 Rfc8 17. Bxg6 fxg6 18. h5 gxh5 19. Nxh5 Qf7 20. Nf4 Rxc1+ 21. Qxc1 Rf8 22. g3 Nb6 23. Qc2 g5 24. Nxe6 Rc8 25. Nc5 Nc4 26. e6 Qg7 27. Qf5 Rf8 28. Qxd5 Nb6 29. Qe4 Nc8 30. O-O Ne7 31. d5 Nf5 32. Nd7 Nd6 33. Qb4 1-0

[Event "European Blitz-ch 2018"]
[Site "Skopje"]
[Date "2018.12.07"]
[Round "14"]
[White "Stevic, Hrvoje"]
[Black "Studer, Noel"]
[Result "1-0"]
[WhiteElo "2587"]
[BlackElo "2494"]
[Annotator "TA"]
[PlyCount "89"]
[EventDate "2018.12.06"]
[EventType "swiss"]
[EventCountry "MKD"]

1. e4 e6 2. d4 d5 3. Nd2 c5 4. Ngf3 cxd4 5. Nxd4 Nc6 6. Bb5 Bd7 7. Nxc6 bxc6 8. Bd3 Bd6 9. Qe2 Ne7 10. Nf3 Ng6 11. e5 Bc7 12. O-O c5 13. b3 Nh4 14. Ng5 h6 15. Qh5 Qe7 16. Qxh4 Bxe5 17. Qh5 g6 18. Qe2 Bxa1 19. Nf3 Bg7 20. c4 d4 21. Bf4 O-O 22. h4 Rae8 23. Qd2 e5 24. Re1 Qf6 25. Bxh6 Bxh6 26. Qxh6 Qg7 27. Qd2 Bc6 28. Ng5 f6 29. Be4 Rc8 30. Ne6 Qf7 31. Bxc6 Rxc6 32. Nxf8 Qxf8 33. Qd3 Kg7 34. f4 Re6 35. f5 gxf5 36. Qxf5 Qe8 37. Re4 Kf8 38. h5 Qf7 39. h6 Re7 40. Rg4 e4 41. Qc8+ Qe8 42. Qxc5 e3 43. h7 Kf7 44. Qh5+ Ke6 45. Qd5# 1-0

[Event "European Blitz-ch 2018"]
[Site "Skopje"]
[Date "2018.12.07"]
[Round "14"]
[White "Djukic, Nikola"]
[Black "Nestorovic, Nikola"]
[Result "1-0"]
[WhiteElo "2574"]
[BlackElo "2460"]
[Annotator "TA"]
[PlyCount "55"]
[EventDate "2018.12.06"]
[EventType "swiss"]
[EventCountry "MKD"]

1. Nf3 d5 2. g3 g6 3. Bg2 Bg7 4. O-O e5 5. d3 Ne7 6. Nbd2 Nbc6 7. c4 d4 8. a3 a5 9. b3 h6 10. Rb1 O-O 11. b4 axb4 12. axb4 Be6 13. b5 Na5 14. Ba3 Re8 15. Bb4 b6 16. Ra1 Nb7 17. Nxe5 Rxa1 18. Qxa1 Bxe5 19. Bxb7 Bg4 20. Bf3 h5 21. Re1 Bd6 22. Bxd6 Qxd6 23. Ne4 Qe5 24. Bg2 Qg7 25. e3 Rd8 26. exd4 Bf5 27. d5 Bxe4 28. dxe4 1-0

[Event "European Blitz-ch 2018"]
[Site "Skopje"]
[Date "2018.12.07"]
[Round "14"]
[White "Moroni, Luca Jr"]
[Black "Milanovic, Danilo"]
[Result "1/2-1/2"]
[WhiteElo "2564"]
[BlackElo "2494"]
[Annotator "TA"]
[PlyCount "143"]
[EventDate "2018.12.06"]
[EventType "swiss"]
[EventCountry "MKD"]

1. c4 Nf6 2. Nc3 c5 3. Nf3 Nc6 4. d4 cxd4 5. Nxd4 d6 6. g3 g6 7. Bg2 Bd7 8. Nc2 Bg7 9. O-O O-O 10. Bd2 a6 11. b3 Qc7 12. Rc1 Rfc8 13. Ne3 Qd8 14. a4 Rab8 15. Ncd5 Nxd5 16. Nxd5 Be6 17. Bg5 h6 18. Be3 b6 19. Qd2 Kh7 20. h4 Ne5 21. Bd4 h5 22. Qb2 Bxd5 23. Bxd5 Qh8 24. Rfd1 Rf8 25. b4 Ng4 26. Bxg7 Qxg7 27. Qxg7+ Kxg7 28. c5 bxc5 29. bxc5 dxc5 30. Rxc5 Rfd8 31. Rdc1 Nf6 32. Bf3 Rd7 33. Rc6 Ra7 34. Rc7 Rxc7 35. Rxc7 Rb4 36. a5 Rb5 37. Rxe7 Rxa5 38. e4 Rc5 39. e5 Nd5 40. Ra7 a5 41. e6 Kf8 42. Rxf7+ Kg8 43. Ra7 Kf8 44. Be4 Ne7 45. Ra8+ Kg7 46. Re8 Kf6 47. Kg2 Re5 48. Rf8+ Kxe6 49. Bc2 Rc5 50. Bd3 Rc3 51. Bb1 a4 52. Ba2+ Kd7 53. Ra8 a3 54. Bb1 Ke6 55. Ra6+ Kf7 56. Be4 Kg7 57. f3 Kf7 58. Kf2 Kg7 59. Ke2 Nf5 60. Kf2 Ne7 61. g4 hxg4 62. fxg4 Rh3 63. Ra7 Kf6 64. g5+ Ke6 65. Ra6+ Kf7 66. Rf6+ Kg7 67. Re6 Kf7 68. Rf6+ Kg7 69. Re6 Kf7 70. Rf6+ Kg7 71. Re6 Kf7 72. Rf6+ 1/2-1/2

[Event "European Blitz-ch 2018"]
[Site "Skopje"]
[Date "2018.12.07"]
[Round "14"]
[White "Saric, Ante"]
[Black "Belyakov, Bogdan"]
[Result "0-1"]
[WhiteElo "2533"]
[BlackElo "2459"]
[Annotator "RC"]
[PlyCount "76"]
[EventDate "2018.12.06"]
[EventType "swiss"]
[EventCountry "MKD"]

1. Nf3 Nf6 2. c4 g6 3. Nc3 Bg7 4. e4 d6 5. d4 O-O 6. Be2 e5 7. O-O Nc6 8. dxe5 dxe5 9. Bg5 Qxd1 10. Rfxd1 h6 11. Be3 Bg4 12. h3 Bxf3 13. Bxf3 Rfd8 14. Nd5 Nxd5 15. cxd5 Nd4 16. Rac1 Nxf3+ 17. gxf3 Rd7 18. Rd2 g5 19. Rdc2 Rc8 20. Bxa7 Ra8 21. Be3 Rxa2 22. Rxc7 Rxc7 23. Rxc7 Rxb2 24. d6 Rb1+ 25. Kg2 Rd1 26. d7 Bf6 27. Rxb7 Kg7 28. Ra7 Kg6 29. Bc5 h5 30. Bb6 Kg7 31. Bc5 Kg6 32. Bf8 Kh7 33. Ra6 Bd8 34. Bd6 f6 35. Ra8 Rxd6 36. Rxd8 Kg7 37. Kf1 h4 38. Kg2 Kf7 0-1

[Event "European Blitz-ch 2018"]
[Site "Skopje"]
[Date "2018.12.07"]
[Round "14"]
[White "Santos Ruiz, Miguel"]
[Black "Jirovsky, Milos"]
[Result "1-0"]
[WhiteElo "2523"]
[BlackElo "2448"]
[Annotator "TA"]
[PlyCount "159"]
[EventDate "2018.12.06"]
[EventType "swiss"]
[EventCountry "MKD"]

1. c4 e6 2. Nc3 d5 3. d4 c5 4. cxd5 exd5 5. Nf3 Nc6 6. dxc5 d4 7. Na4 Bxc5 8. Nxc5 Qa5+ 9. Bd2 Qxc5 10. e3 dxe3 11. Bxe3 Qb4+ 12. Qd2 Qxd2+ 13. Bxd2 Nf6 14. Bb5 Bd7 15. O-O O-O 16. Rfe1 a6 17. Bf1 Be6 18. Ng5 Bd5 19. Bc3 h6 20. Bxf6 gxf6 21. Nh3 Rfd8 22. Nf4 Ne5 23. a3 Bc6 24. Nh5 Rd6 25. Nxf6+ Rxf6 26. Rxe5 Rd8 27. Rae1 Rd2 28. R5e2 Rd4 29. f3 Rfd6 30. Rc2 Kg7 31. Kf2 Kf6 32. Be2 Re6 33. Rd1 Rh4 34. Rc5 Rxh2 35. Rd4 Rh1 36. Bf1 Kg7 37. Rg4+ Rg6 38. Rxg6+ fxg6 39. Bxa6 Rb1 40. b4 Rb2+ 41. Kg3 Rb3 42. Bxb7 Bxb7 43. Rc7+ Kf6 44. Rxb7 Rxa3 45. b5 Rb3 46. Kf4 h5 47. Rb6+ Kf7 48. Kg5 Rb2 49. Rb7+ Kf8 50. g4 hxg4 51. fxg4 Rb4 52. b6 Ke8 53. Rb8+ Kf7 54. Rb7+ Ke8 55. Kf6 Rf4+ 56. Ke5 Rxg4 57. Rg7 Rb4 58. b7 Kd8 59. Kd6 Rb6+ 60. Kc5 Rb1 61. Kc6 Rc1+ 62. Kb6 Rb1+ 63. Ka7 Ra1+ 64. Kb6 Rb1+ 65. Kc6 Rc1+ 66. Kd6 Rd1+ 67. Ke6 Rb1 68. Kf6 Rb6+ 69. Ke5 Rb1 70. Kd6 Rb6+ 71. Kc5 Rb1 72. Kc6 Rc1+ 73. Kb6 Rb1+ 74. Ka7 Ra1+ 75. Kb8 Ra6 76. Rf7 Ra1 77. Rf6 g5 78. Rd6+ Ke7 79. Kc7 Rb1 80. Rb6 1-0